|
|
|
|
| LEADER |
00909nam a2200241 a 4500 |
| 001 |
11782560 |
| 008 |
130411s2000 nyua b 001 0 eng |
| 010 |
|
|
|a 99047240
|
| 020 |
|
|
|a 0393973999 (pbk.)
|
| 040 |
|
|
|a DLC
|c DLC
|d DLC
|d BD-DhAAL
|
| 082 |
0 |
0 |
|a 320.6
|2 21
|
| 100 |
1 |
|
|a Munger, Michael C.
|
| 245 |
1 |
0 |
|a Analyzing policy :
|b choices, conflicts, and practices /
|c Michael C. Munger.
|
| 250 |
|
|
|a 1st ed.
|
| 260 |
|
|
|a New York :
|b W.W. Norton,
|c c2000.
|
| 300 |
|
|
|a xvii, 430 p. :
|b ill. ;
|c 24 cm.
|
| 504 |
|
|
|a Includes bibliographical references (p. [397]-403) and index.
|
| 541 |
|
|
|e 00026875
|
| 650 |
|
0 |
|a Policy sciences.
|
| 650 |
|
0 |
|a Evaluation.
|
| 852 |
1 |
|
|a Ayesha Abed Library
|c General shelf.
|
| 999 |
|
|
|c 13295
|d 13295
|
| 952 |
|
|
|0 0
|1 0
|2 ddc
|4 0
|6 320_600000000000000_MUN
|7 0
|9 22187
|a IGS
|b IGS
|c GEN
|d 2013-04-11
|e Trim Education
|g 3875.00
|l 1
|m 2
|o 320.6 MUN
|p 3010026875
|r 2014-06-10
|s 2013-05-07
|t 1
|w 2013-04-11
|y BK
|